Online
Catalog

Hija de Camila / (Record no. 740)

MARC details
000 -CABECERA
campo de control de longitud fija 02143nam a2200337 a 4500
001 - NÚMERO DE CONTROL
campo de control 000000744
005 - FECHA Y HORA DE LA ÚLTIMA TRANSACCIÓN
campo de control 20200929145411.0
008 - DATOS DE LONGITUD FIJA--INFORMACIÓN GENERAL
campo de control de longitud fija 090429s2007 dr 000 0 spa d
020 ## - NÚMERO INTERNACIONAL ESTÁNDAR DEL LIBRO
Número Internacional Estándar del Libro 9945427202
020 ## - NÚMERO INTERNACIONAL ESTÁNDAR DEL LIBRO
Número Internacional Estándar del Libro 9789945427202
040 ## - FUENTE DE LA CATALOGACIÓN
Centro catalogador/agencia de origen DO-SdBNP
Lengua de catalogación spa
Centro/agencia transcriptor BNPHU
082 ## - NÚMERO DE LA CLASIFICACIÓN DECIMAL DEWEY
Número de clasificación 305.42
Número de documento/Ítem H519h
100 1# - ENTRADA PRINCIPAL--NOMBRE DE PERSONA
Nombre de persona Henríquez Ureña, Camila,
Fechas asociadas al nombre 1894-1973.
9 (RLIN) 2524
245 10 - MENCIÓN DE TÍTULO
Título Hija de Camila /
Mención de responsabilidad, etc. Camila Henríquez Ureña ; prólogo y traducción de Daisy Cocco De Filippis = Camila 's Line / Camila Hernríque Ureña ; prologue and translation by Daisy Cocco De Filippis.
260 ## - PUBLICACIÓN, DISTRIBUCIÓN, ETC.
Lugar de publicación, distribución, etc. Santo Domingo :
Nombre del editor, distribuidor, etc. Secretaría de Estado de Cultura,
Fecha de publicación, distribución, etc. 2007.
300 ## - DESCRIPCIÓN FÍSICA
Extensión 291 p. ;
Dimensiones 23 cm.
490 1# - MENCIÓN DE SERIE
Mención de serie Ultramar
500 ## - NOTA GENERAL
Nota general Selección bilingüe de ensayos feministas por Camila Henríquez Ureña
500 ## - NOTA GENERAL
Nota general Incluye datos biográficos de la autora en las solapas
500 ## - NOTA GENERAL
Nota general Texto en español e inglés
500 ## - NOTA GENERAL
Nota general Incluye referencias bibliográficas y notas al pie de las páginas.
505 0# - NOTA DE CONTENIDO CON FORMATO
Título Agradecimiento --
-- Acknowledgements --
-- Prólogo. Salomé Camila Henríquez Ureña 1984-1973: vida y obra --
-- Prologue. Camila Henríquez Ureña 1894-1973: Her life and work --
-- Feminismo --
-- La mujer y la cultura --
-- Woman and culture --
-- La carta como forma de expresión literaria femenina --
-- Cartas de amor divino: Santa Teresa de Jesús --
-- Cartas de amor mundano: Mariana Alcoforado --
-- La carta de polémica: Sor Juana Inés de la Cruz --
-- La carta como crónica: Madame de Sevigné --
-- The letter as an expression of feminine literary form --
-- Letters of divine love: Santa Teresa de Jesús --
-- Letter of Worldly love: Mariana Alcoforado --
-- The letter as the art of disputation: Sor Juana Inés de la Cruz --
-- The letter as Chronicle: Madame de Sevigné.
590 ## - NOTA LOCAL (RLIN)
Nota local Inventariado, 2018/MFF
600 14 - PUNTO DE ACCESO ADICIONAL DE MATERIA--NOMBRE DE PERSONA
Nombre de persona HENRÍQUEZ UREÑA, CAMILA ,
Fechas asociadas al nombre 1894-1973
9 (RLIN) 2536
650 #4 - PUNTO DE ACCESO ADICIONAL DE MATERIA--TÉRMINO DE MATERIA
Término de materia o nombre geográfico como elemento de entrada Femenismo
9 (RLIN) 2537
650 #4 - PUNTO DE ACCESO ADICIONAL DE MATERIA--TÉRMINO DE MATERIA
Término de materia o nombre geográfico como elemento de entrada Mujeres
Subdivisión general Condiciones sociales
9 (RLIN) 2063
650 #4 - PUNTO DE ACCESO ADICIONAL DE MATERIA--TÉRMINO DE MATERIA
Término de materia o nombre geográfico como elemento de entrada Mujeres en la literatura
Subdivisión geográfica República Dominicana
9 (RLIN) 2538
700 12 - PUNTO DE ACCESO ADICIONAL--NOMBRE DE PERSONA
Nombre de persona Cocco De Filippis, Daisy,
Término indicativo de función/relación tr.
Fechas asociadas al nombre 1949
9 (RLIN) 2539
830 #0 - PUNTO DE ACCESO ADICIONAL DE SERIE-TÍTULO UNIFORME
Título uniforme Ultramar
9 (RLIN) 1892
910 ## - DATOS DE OPCIÓN DEL USUARIO (OCLC)
Datos de opción del usuario Validado. Control de calidad MFF
Holdings
Estado de retiro Estado de pérdida Restricciones de uso No para préstamo Código de colección Localización permanente Ubicación/localización actual Ubicación en estantería Fecha de adquisición Número de inventario Total de préstamos Signatura topográfica completa Código de barras Fecha visto por última vez Número de copia Precio válido a partir de Tipo de ítem Koha Nota pública
      Préstamo en sala Dominicana de Servicio Biblioteca Nacional Pedro Henríquez Ureña Biblioteca Nacional Pedro Henríquez Ureña Depósito 01.07.2009 LF1   305.42 H519h 744-30 25.06.2020 e. 3 25.06.2020 Libros y folletos  
      Préstamo en sala Dominicana de Servicio Biblioteca Nacional Pedro Henríquez Ureña Biblioteca Nacional Pedro Henríquez Ureña Depósito 08.03.2011 LF1   305.42 H519h 744-40 25.06.2020 e. 4 25.06.2020 Libros y folletos  
      Préstamo en sala Dominicana de Servicio Biblioteca Nacional Pedro Henríquez Ureña Biblioteca Nacional Pedro Henríquez Ureña Depósito 22.04.2015 LF1   305.42 H519h 744-50 25.06.2020 e. 5 25.06.2020 Libros y folletos Perteneció a la biblioteca personal de Erick Osorio.
      Préstamo restrigido Patrimonio Dominicano Biblioteca Nacional Pedro Henríquez Ureña Biblioteca Nacional Pedro Henríquez Ureña Depósito 01.07.2009 LF1   305.42 H519h 744-10 25.06.2020   25.06.2020 Libros y folletos  
      Préstamo restrigido Patrimonio Dominicano Biblioteca Nacional Pedro Henríquez Ureña Biblioteca Nacional Pedro Henríquez Ureña Depósito 01.07.2009 LF1   305.42 H519h 744-20 25.06.2020 e. 2 25.06.2020 Libros y folletos  

Powered by Koha